000 01006nam a2200289 a 4500
001 BRCA_8373
005 20190320210243.0
008 120814s1990----mx-a######---#000-0#spa-#
020 _a9684980663
040 _aDLC
_cDLC
_dDLC
041 _aspa
044 _amx
050 4 _aNA759.R3
_b.R36 1990
245 1 0 _aRamírez Vázquez
_cprefacio por Robert Auzelle ; diseñado por Javier Pizarro y Claudia Schroeder.
260 _aMéxico
_bGarcía Valadés
_c1990
300 _a269 p.
_bil. (algunas a color)
_c30 cm.
500 _aLa biblioteca cuenta con la ed. en inglés en el No. de Sist. 2251
500 _a2do. ejemplar en el Área de Investigación
504 _aBibliografía: p. 260-269
600 1 4 _aRamírez Vázquez, Pedro
_d1919-
_vCatálogos
_96755
650 1 4 _aArquitectura
_vCatálogos
_ySiglo XX
_zMéxico
_96756
650 1 4 _aArquitectos mexicanos
_9628
700 1 _aAuzelle, Robert
_96759
700 1 _aPizarro, Javier
_96757
700 1 _aSchroeder, Claudia
_96758
942 _2lcc
_cB
999 _c8041
_d8041